000 00531nam a2200169 i 4500
001 99353
003 ES-MaACL
005 20230906182501.0
007 t|
008 050907s2002 sp ||||1| spa d
100 1 _aMartín Ramírez, Enrique.
_977617
245 1 0 _aCultivo del maíz /
_cEnrique Martín Ramírez.
260 _aGranada :
_bCaja de Ahorros,
_c1973.
300 _aVIII, 112 p., 1 h. con 11 lám. neg. y col. :
_bil. ;
_c20 cm.
710 1 _aCaja de Ahorros de Granada.
_92285
852 _aES-MaACL
_jC-55051
_bR.87972
999 _c99353
_d99353